Teoria innowacji i wzrostu gospodarczego
Gespeichert in:
| 1. Verfasser: | |
|---|---|
| Weitere Verfasser: | , |
| Format: | Buch |
| Sprache: | Polnisch |
| Veröffentlicht: |
Warszawa
CASE
1998
|
| Schriftenreihe: | Biblioteka case
|
| Schlagworte: | |
| Tags: |
Keine Tags, Fügen Sie das erste Tag hinzu!
|
MARC
| LEADER | 00000nam a2200000 4500 | ||
|---|---|---|---|
| 001 | c120312 | ||
| 005 | 20230220124222.8 | ||
| 020 | |a 83-7178-112-1 | ||
| 041 | 0 | |a pol | |
| 044 | |a PL | ||
| 245 | 1 | 0 | |a Teoria innowacji i wzrostu gospodarczego |c Stanislaw Gomulka ; [tlumaczenie: Tomasz Kowalski, Zbigniew Stanczyk] |
| 264 | 1 | |a Warszawa |b CASE |c 1998 | |
| 300 | |a 270 s. | ||
| 490 | 1 | |a Biblioteka case | |
| 830 | 0 | |a Biblioteka case | |
| 610 | 2 | 0 | |a inovácia |
| 610 | 2 | 0 | |a teórie ekonomické |
| 610 | 2 | 0 | |a rast hospodársky |
| 610 | 2 | 0 | |a mikroekonomika |
| 610 | 2 | 0 | |a makroekonomika |
| 610 | 2 | 0 | |a technika |
| 610 | 2 | 0 | |a produkcia |
| 610 | 2 | 0 | |a revolúcia technická |
| 100 | 1 | |a Gomulka, Stanislaw | |
| 700 | 1 | |a Kowalski, Tomasz | |
| 700 | 1 | |a Stanczyk, Zbigniew | |